|
|
|
|
| LEADER |
01715nam a22003257a 4500 |
| 001 |
40687 |
| 003 |
BD-DhAAL |
| 005 |
20230207131059.0 |
| 008 |
230123t2017 bg ||||| |||| 00| 0dben d |
| 040 |
|
|
|a BD-DhAAL
|c BD-DhAAL
|
| 041 |
|
|
|a ben
|
| 082 |
|
|
|a 891.443
|2 23
|
| 100 |
|
|
|a বন্দ্যোপাধ্যায়, তারাশঙ্কর
|9 52994
|
| 245 |
|
|
|a শ্রেষ্ঠ গল্প /
|c তারাশঙ্কর বন্দ্যোপাধ্যায়; ভূমিকা শ্রীকুমার বন্দ্যোপাধ্যায়
|
| 246 |
|
|
|a Sresta galpo
|
| 250 |
|
|
|a প্রথম সংস্করণ
|
| 260 |
|
|
|a ঢাকা :
|b মাটিগন্ধা,
|c ২০১৭
|
| 300 |
|
|
|a ৪৭৮ পৃষ্ঠা ;
|c ২২ সে.মি.
|
| 526 |
|
|
|a GenEd (Residential Campus)
|
| 541 |
|
|
|a Development Book Agency
|e 40689, 40688
|
| 600 |
|
|
|a বন্দ্যোপাধ্যায়, তারাশঙ্কর,
|d ১৮৯৮-১৯৭১.
|9 52994
|
| 650 |
|
|
|a Bengali fiction.
|
| 650 |
|
|
|a Bengali literature.
|
| 650 |
|
|
|a Bengali essays.
|
| 700 |
|
|
|a বন্দ্যোপাধ্যায়, শ্রীকুমার
|9 53530
|
| 852 |
|
|
|a Ayesha Abed Library
|c General Stacks
|
| 942 |
|
|
|2 ddc
|c BK
|
| 999 |
|
|
|c 45338
|d 45338
|
| 952 |
|
|
|0 0
|1 0
|2 ddc
|4 0
|6 891_443000000000000_BAN
|7 0
|9 72773
|a SCL
|b SCL
|c GEN
|d 2023-01-05
|e Development Book Agency
|g 340.00
|l 2
|m 6
|o 891.443 BAN
|p 3020040688
|r 2024-11-14
|s 2024-11-04
|t 1
|v 340.00
|w 2023-01-05
|y BK
|
| 952 |
|
|
|0 0
|1 0
|2 ddc
|4 0
|6 891_443000000000000_BAN
|7 0
|9 72774
|a SCL
|b SCL
|c GEN
|d 2023-01-05
|e Development Book Agency
|g 340.00
|l 2
|o 891.443 BAN
|p 3020040689
|r 2023-11-20
|s 2023-11-12
|t 2
|v 340.00
|w 2023-01-05
|y BK
|